LEADER 01457nam--2200421---450- 001 990003364380203316 005 20100125145234.0 010 $a978-88-387-5352-0 035 $a000336438 035 $aUSA01000336438 035 $a(ALEPH)000336438USA01 035 $a000336438 100 $a20100125d2009----km-y0itay50------ba 101 $aita 102 $aIT 105 $a||||||||001yy 200 1 $aQuiz commentati per i concorsi in Polizia municipale$emodulistica, schemi per il tema di diritto, test psicoattitudinali$fNicola Cipriani, Roberto Dall'Aglio 205 $a16. ed. agg. con L. 15 luglio 2009, n. 94 n. 125 (Disposizioni in materia di sicurezza pubblica) 210 $aSantarcangelo di Romagna$cMaggioli$d2009 215 $a460 p.$d24 cm 225 2 $aConcorsi pubblici$v7 410 0$12001$aConcorsi pubblici$v, 7 454 1$12001 461 1$1001-------$12001 606 0 $aPolizia municipale$xConcorsi$xQuiz$2BNCF 676 $a342.45 700 1$aCIPRIANI,$bNicola$072793 701 1$aDALL' AGLIO,$bRoberto$0598589 801 0$aIT$bsalbc$gISBD 912 $a990003364380203316 951 $aXXI.6. 219$b65822 G.$cXXI.6.$d00255098 959 $aBK 969 $aGIU 979 $aFIORELLA$b90$c20100125$lUSA01$h1447 979 $aFIORELLA$b90$c20100125$lUSA01$h1447 979 $aFIORELLA$b90$c20100125$lUSA01$h1452 996 $aQuiz commentati per i concorsi in Polizia municipale$91028276 997 $aUNISA LEADER 02119nam 22005413 450 001 9910485609503321 005 20250322110037.0 010 $a9781478091707 010 $a1478091703 024 7 $a10.1515/9781478091707 035 $a(CKB)5590000000500833 035 $a(MiAaPQ)EBC6794662 035 $a(Au-PeEL)EBL6794662 035 $a(OCoLC)1239736245 035 $a(NjHacI)995590000000500833 035 $a(ODN)ODN0010771395 035 $a(DE-B1597)733042 035 $a(DE-B1597)9781478091707 035 $a(EXLCZ)995590000000500833 100 $a20211214d2021 uy 0 101 0 $aeng 135 $aurcnu|||||||| 181 $ctxt$2rdacontent 182 $cc$2rdamedia 183 $acr$2rdacarrier 200 10$aChosen Peoples $eChristianity and Political Imagination in South Sudan 210 1$aDurham :$cDuke University Press,$d2021. 210 4$dİ2021. 215 $a1 online resource (225 pages) 225 1 $aReligious Cultures of African and African Diaspora People 311 08$a1-4780-1063-0 327 $tFrontmatter -- $tContents -- $tAcknowledgments -- $tIntroduction: Winds of Change -- $t1 The Nugent School and the Ethno-Religious Politics of Mission Education -- $t2 The Equatorial Corps and the Torit Mutiny -- $t3 Liberation War -- $t4 Khartoum Goliath -- $t5 The Troubled Promised Land -- $tConclusion -- $tSources and Methodology -- $tNotes -- $tBibliography -- $tIndex 330 $aChristopher Tounsel investigates the centrality of Christian worldviews to the ideological construction of South Sudan from the early twentieth century to the present. 410 0$aReligious Cultures of African and African Diaspora People 517 $aChosen Peoples 606 $aChristian sociology 606 $aChristianity and culture 615 0$aChristian sociology. 615 0$aChristianity and culture. 676 $a261.709629 700 $aTounsel$b Christopher$01073295 801 0$bMiAaPQ 801 1$bMiAaPQ 801 2$bMiAaPQ 906 $aBOOK 912 $a9910485609503321 996 $aChosen Peoples$92569448 997 $aUNINA